01056nam a22002657a 4500003000500000008004100005040000800046041001300054082001800067100009200085245005900177250002600236260005100262260006500313300003700378336002700415337003300442338002900475505016600504650002800670650004000698650002100738942001400759999001700773BPGM260619e2005 mx ||||g |||| 001 p spa d bspa aspahspa042862.08MaH673 aAYHLLON, LUIS. MALPICA MAURY JAVIER, TREVIZO HIGUERA ELMA Y BLUMENTHAL VIVIAN eAUTORES aLA HISTORIA DEL SER QUE IMAGINO UN AMULETO BAJO TIERRA aPRIMERA EDICIONb2005 aMEXICObGOBIERNO DEL ESTADO DE QUERETAROc2005 aMEXICO bCONSEJO ESTATAL PARA LA CULTURA Y LAS ARTES c2005 a188 paginas c21.8 cm x 13.8 cm  2rdacontentatextobtxt 2rdamediaasin mediaciónbn 2rdacarrieravolumen bnc aes una antología de dramaturgia que reúne las obras premiadas en el VI Concurso Nacional de Dramaturgia Manuel Herrera Castañeda, celebrado en Querétaro. 2LITERATURA Y RETÓRICA 2LITERATURAS ESPAÑOLA Y PORTUGUESA 2TEATRO ESPAÑOL 2ddccCOLQ c68655d68655